1975 1128 1256 1042 1508 1156 1602 1538 1111 1254 1790 1491 1306 1266 1897 1174 1117 1584 1902 1071 1765 1463 1068 1310 1127 1821 1635 1515 1033 1726 1786 1800 1203 1277 1009 1514 1576 1140 1978 1825 1016 1020 1957 1592 1317 1919 1217 1007 1102 1526 1632 1886 1016 1852 1477 1098 1321 1144 1655 1266 1053 1076 1905 1692 1367 1117 1257 1206 1028 1267 1735 2000 1484 1333 1880 1112 1785 1203 1272 1696 1112 1639 1816 1643 1904 1350 1275 1695 1493 1899 1627 1305 1199 1101 1403 1110 1610 1885 1594 BCNSPRNW ULIB Ver.6.0+V

เปลี่ยนเป็นภาษาไทย

Change to English
 แสดงรายละเอียดบรรณานุกรม
  กลับหน้าหลัก

Brief Record : Get Marc (ISO 2709) : E-mail record : QR code < ปิดหน้าต่าง
LEADER : 00000nam 2200000uu 4500
001    13399125020
003     ULIB
008    020711s2559 th a 000 0 tha d
020    9786162798269
060    WA100^bส743
110    มหาวิทยาลัยมหิดล^bสถาบันวิจัยประชากรและสังคม
245    สุขภาพคนไทย 2559 :^bตายดีวิถีเลือกได้/^cสถาบันวิจัยประชากรและสังคม
260    นครปฐม :^bสถาบันวิจัยประชากรและสังคม มหาวิทยาลัยมหิดล,^c2559
300    108 หน้า;^b29 ซม.
650    ความตาย
650    ความตาย^xจิตวิทยา
650    วัยรุ่น
650    สังคมออนไลน์
650    คนรุ่นใหม่
650    พฤติกรรมสุขภาพ
650    คุณภาพชีวิต
650    ดัชนีสุขภาพ
650    ภาวะสุขภาพ^xดัชนีชี้วัด
710    สำนักงานกองทุนสนับสนุนการสร้างเสริมสุขภาพ
710    สำนักงานคณะกรรมการสุขภาพแห่งชาติ
945    ^p0^l0^i23750
รายการนี้ยังไม่มีแท็ก
คุณยังไม่ได้ล็อกอิน คุณสามารถมีกิจกรรมร่วมกับเว็บไซต์ได้ แต่ต้องล็อกอินก่อน ::
  ล็อกอิน

รายการสื่อสารสนเทศ

ลำดับที่ ประเภท เลขเรียก/บาร์โค้ด สถานที่ สถานะ
1. วิทยาศาสตร์การแพทย์ และสุขภาพ
วิทยาศาสตร์การแพทย์ และสุขภาพ
WA100 ส743 ฉ.1 
  Barcode: 23750
ห้องสมุดวิทยาเขตนครสวรรค์
►ส่วนจัดเก็บหนังสือเก่า นว.
บนชั้น
  ขอยืม

รายการใกล้เคียง
    หัวเรื่อง [ความตาย]
    หัวเรื่อง [วัยรุ่น]
    หัวเรื่อง [สังคมออนไลน์]
    หัวเรื่อง [คนรุ่นใหม่]
    หัวเรื่อง [พฤติกรรมสุขภาพ]
    หัวเรื่อง [คุณภาพชีวิต]
    หัวเรื่อง [ดัชนีสุขภาพ]

BibComment


ยังไม่เคยถูกคอมเมนท์

คอมเมนท์ทรัพยากรรายการนี้
  คอมเมนท์: สุขภาพคนไทย 2559 ..


 Copyright 2026. Bcnsprnw @Library